000
00308nam a22001337a 4500
020
_a
9783464907503
041
_a
eng
080
_a
62
090
_b
STE
100
_a
Stern-Verlag, Janssen and Co.
245
_a
CDs und Disketten: Software (ohne Audio-CDs); 5500 Titel.
650
_a
German
999
_c
277758
_d
277758
942
_c
BK